Guess The Romance Anime (2024) - Statistics

General Stats
  • This quiz has been taken 288 times
  • The average score is 3 of 15
Answer Stats
Hint Answer % Correct
Their school forces them to live together as a couple?? More Than A Married Couple, But Not Lovers
75%
Broke student takes a job tutoring 5 idiots The Quintessential Quintuplets
67%
A proud loner boy is forced to join the service club Oregairu
49%
Student joins university with no memory of his own past Golden Time
42%
Tall girl who is an acress, short boy who has intrusive thoughts The Dangers In My Heart
26%
His two step sisters love him very very much Kiss x Sis
18%
He likes to lick her drool??? Mysterious Girlfriend X
12%
Having died after playing a dating sim, he ends up in said dating sim and has unrivalled confidence and rizz because he's played out these exact scenarios Trapped In A Dating Sim
9%
A shut in college student believes everything is a conspiracy Welcome To The N.H.K.
9%
His entire life is dedicated to dating sim games and is known as the "God of Conquest" The World God Only Knows
8%
After being stood up on a date on christmas eve and feeling depressed since, he gets the chance to date 6 different girls he comes across at school Amagami SS
4%
Boy get transported to another world to be a tsundere's pet dog The Familiar Of Zero
4%
Boy has a dream to perform in a band at his highs school school festival, so he convinces two girls to form a band but his relationship with both girls becomes complicated White Album 2
4%
The god of harvest decides to travel with merchant back to her home in the north Spice & Wolf
3%
He gets kicked out of his clan for being too weak to control the wind, 4 years later he returns much, much stronger Stigma Of The Wind
3%
No matching quizzes found
Score Distribution
Percent of People with Each Score
Percentile by Number Answered
Your Score History
You have not taken this quiz